[Event "NATO-ch"]
[Site "Quebec CAN"]
[Date "2014.09.11"]
[Round "5.1"]
[White "Drabke, Lorenz"]
[Black "Sypien, Mateusz"]
[Result "1/2-1/2"]
[WhiteElo "2457"]
[BlackElo "2257"]
[PlyCount "55"]
[EventDate "2014.09.08"]
[EventType "swiss"]
[EventRounds "7"]
[EventCountry "CAN"]
[Source "Chess Mix"]
[WhiteTeam "Germany"]
[BlackTeam "Poland"]
[WhiteTeamCountry "GER"]
[BlackTeamCountry "POL"]

1. e4 c5 2. Nf3 d6 3. Bb5+ Bd7 4. Bxd7+ Qxd7 5. c4 Nf6 6. Nc3 g6 7. O-O Bg7 8.
d4 cxd4 9. Nxd4 O-O 10. h3 Nc6 11. Be3 a6 12. a4 Rac8 13. b3 e6 14. Qf3 Qc7 15.
Rfd1 Nd7 16. Rab1 Nb4 17. Nde2 Rfe8 18. Rd2 Be5 19. Bf4 Nc5 20. Qe3 Rcd8 21.
Bg5 Rd7 22. Kh1 Bg7 23. Kg1 Qc8 24. Qf3 Qc6 25. Nd4 Qb6 26. Nde2 Qc6 27. Nd4
Qb6 28. Nde2 1/2-1/2

[Event "NATO-ch"]
[Site "Quebec CAN"]
[Date "2014.09.11"]
[Round "5.2"]
[White "Graczyk, Damian"]
[Black "Helbig, Mark"]
[Result "1-0"]
[WhiteElo "2081"]
[BlackElo "2296"]
[PlyCount "81"]
[EventDate "2014.09.08"]
[EventType "swiss"]
[EventRounds "7"]
[EventCountry "CAN"]
[Source "Chess Mix"]
[WhiteTeam "Poland"]
[BlackTeam "Germany"]
[WhiteTeamCountry "POL"]
[BlackTeamCountry "GER"]

1. d4 d5 2. Nf3 e6 3. g3 f5 4. Bg2 Nf6 5. O-O Bd6 6. c4 c6 7. Nc3 O-O 8. Qc2
Qe7 9. Rb1 Ne4 10. b4 a6 11. a4 Bd7 12. Nxe4 fxe4 13. Bg5 Qf7 14. Ne5 Qh5 15.
Bf4 Bxe5 16. Bxe5 Be8 17. e3 Nd7 18. Bd6 Rf6 19. b5 e5 20. bxc6 bxc6 21. c5
exd4 22. exd4 e3 23. fxe3 Bg6 24. e4 Re8 25. Qd1 Qxd1 26. Rfxd1 Bxe4 27. Bxe4
dxe4 28. d5 cxd5 29. Rxd5 Rfe6 30. Re1 Rc8 31. a5 Kf7 32. h3 Ke8 33. Rb1 h6 34.
Rb7 g6 35. Kf1 Rf6+ 36. Ke2 Rf5 37. Rd4 Rc6 38. Rxe4+ Kd8 39. Re7 Nxc5 40. Rb8+
Rc8 41. Rxc8+ 1-0

[Event "NATO-ch"]
[Site "Quebec CAN"]
[Date "2014.09.11"]
[Round "5.3"]
[White "Andersen, Hans Christoph"]
[Black "Papista, Akos"]
[Result "1-0"]
[WhiteElo "2223"]
[BlackElo "2168"]
[PlyCount "81"]
[EventDate "2014.09.08"]
[EventType "swiss"]
[EventRounds "7"]
[EventCountry "CAN"]
[Source "Chess Mix"]
[WhiteTeam "Germany"]
[BlackTeam "Hungary"]
[WhiteTeamCountry "GER"]
[BlackTeamCountry "HUN"]

1. d4 d5 2. c4 e6 3. Nc3 Nf6 4. cxd5 exd5 5. Bg5 Be7 6. e3 c6 7. Qc2 Nbd7 8.
Bd3 Nh5 9. Bxe7 Qxe7 10. Nge2 Nb6 11. h3 g6 12. O-O-O Be6 13. Kb1 O-O-O 14. Nc1
f5 15. g3 Nf6 16. f3 Bd7 17. Rde1 Qd6 18. g4 f4 19. Qh2 g5 20. exf4 gxf4 21.
Re5 Rdf8 22. Rhe1 Qb4 23. Qf2 Nc4 24. Bxc4 Qxc4 25. Qd2 Be8 26. b3 Bg6+ 27. Kb2
Qb4 28. a3 Qa5 29. Nd3 Nd7 30. Re7 Bxd3 31. Qxd3 h5 32. g5 Rhg8 33. h4 b5 34.
R1e6 Qc7 35. Qh7 a5 36. Qxh5 Rh8 37. Qg6 b4 38. Rxc6 bxc3+ 39. Kxc3 Rxh4 40.
Rxc7+ Kxc7 41. Qe6 1-0

[Event "NATO-ch"]
[Site "Quebec CAN"]
[Date "2014.09.11"]
[Round "5.4"]
[White "Pedersen, Finn"]
[Black "Marquardt, Christian"]
[Result "1-0"]
[WhiteElo "2278"]
[BlackElo "2078"]
[PlyCount "139"]
[EventDate "2014.09.08"]
[EventType "swiss"]
[EventRounds "7"]
[EventCountry "CAN"]
[Source "Chess Mix"]
[WhiteTeam "Denmark"]
[BlackTeam "Germany"]
[WhiteTeamCountry "DEN"]
[BlackTeamCountry "GER"]

1. Nf3 Nf6 2. g3 b5 3. Bg2 Bb7 4. O-O e6 5. b3 c5 6. c4 bxc4 7. bxc4 Be7 8. Nc3
O-O 9. Rb1 Bc6 10. d3 d6 11. Bd2 Nbd7 12. Qb3 Qc7 13. Nb5 Bxb5 14. cxb5 Rab8
15. Qa4 Rfc8 16. Rfc1 d5 17. e4 Qd8 18. exd5 Nxd5 19. d4 Bf6 20. Ba5 Qe7 21.
Qd1 c4 22. a4 c3 23. Qb3 N7b6 24. Bxc3 Nxa4 25. Bd2 Nab6 26. h4 Qd7 27. Rc5 Rc7
28. Rbc1 Rcb7 29. Ne5 Bxe5 30. dxe5 Rc7 31. Ba5 Rxc5 32. Rxc5 Ne7 33. Qc2 Nbd5
34. Bf1 Rc8 35. Bd3 h6 36. Bh7+ Kf8 37. Be4 Kg8 38. Bd2 Rb8 39. Qa2 Rxb5 40.
Rxb5 Qxb5 41. Qxa7 Qe8 42. Qb7 Qd8 43. Ba5 Qe8 44. f4 h5 45. f5 Nc6 46. fxe6
fxe6 47. Qb5 Nde7 48. Bb4 Qc8 49. Bd6 Nd4 50. Qc5 Qxc5 51. Bxc5 Ndf5 52. Kf2
Kf7 53. Kf3 Ng6 54. Bd6 Nd4+ 55. Ke3 Nf5+ 56. Kf3 Nd4+ 57. Kf2 Nf5 58. Bc7 Nge7
59. Bb8 Ng6 60. Bf3 Nge7 61. Bxh5+ g6 62. Bf3 Ng8 63. Kg2 Nge7 64. Kh3 Nd4 65.
Be4 Ndf5 66. g4 Ng7 67. Kg3 Ng8 68. Kf4 Ne8 69. Kg5 Kg7 70. Bxg6 1-0

[Event "NATO-ch"]
[Site "Quebec CAN"]
[Date "2014.09.11"]
[Round "5.5"]
[White "Van Rijn, Wouter"]
[Black "Sycz, Dariusz"]
[Result "0-1"]
[WhiteElo "2176"]
[BlackElo "2139"]
[PlyCount "60"]
[EventDate "2014.09.08"]
[EventType "swiss"]
[EventRounds "7"]
[EventCountry "CAN"]
[Source "Chess Mix"]
[WhiteTeam "The Netherlands"]
[BlackTeam "Poland"]
[BlackTeamCountry "POL"]

1. d3 e5 2. g3 f5 3. Bg2 Nf6 4. Nf3 d6 5. O-O Be7 6. c3 c6 7. Qc2 Na6 8. b4 Nc7
9. a4 O-O 10. b5 Kh8 11. Na3 Qe8 12. bxc6 bxc6 13. Nc4 e4 14. Ng5 d5 15. Na5
Ng4 16. h3 Nf6 17. h4 Nh5 18. c4 Bb4 19. Nb3 h6 20. Nh3 Ne6 21. cxd5 cxd5 22.
Qb2 f4 23. dxe4 fxg3 24. exd5 gxf2+ 25. Rxf2 Rxf2 26. Kxf2 Nc5 27. Nd2 Bxh3 28.
Qxb4 Qg6 29. Bf3 Qg3+ 30. Ke3 Qg1# 0-1

[Event "NATO-ch"]
[Site "Quebec CAN"]
[Date "2014.09.11"]
[Round "5.6"]
[White "Mestek, Igor"]
[Black "Aagaard, Gert"]
[Result "1-0"]
[WhiteElo "2180"]
[BlackElo "2041"]
[PlyCount "109"]
[EventDate "2014.09.08"]
[EventType "swiss"]
[EventRounds "7"]
[EventCountry "CAN"]
[Source "Chess Mix"]
[WhiteTeam "Slovenia"]
[BlackTeam "Denmark"]
[WhiteTeamCountry "SLO"]
[BlackTeamCountry "DEN"]

1. e4 c6 2. Nc3 d5 3. Nf3 dxe4 4. Nxe4 Nd7 5. Bc4 Ngf6 6. Qe2 Nxe4 7. Qxe4 Nf6
8. Ne5 e6 9. Qe2 Bd6 10. d4 Qc7 11. Bf4 Nd5 12. Bg3 a6 13. Qf3 Nf6 14. Bb3 c5
15. O-O-O O-O 16. Rhe1 Nd7 17. Nxd7 Bxg3 18. Qxg3 Qxd7 19. dxc5 Qe7 20. Qe5 Kh8
21. Qd6 Qxd6 22. Rxd6 g6 23. f4 Kg7 24. Red1 Kf6 25. Rd8 Ke7 26. Rxf8 Kxf8 27.
Rd8+ Ke7 28. Rh8 h5 29. Ba4 h4 30. Re8+ Kf6 31. Bd7 Bxd7 32. Rxa8 Bc6 33. g3 e5
34. Kd2 Kf5 35. fxe5 hxg3 36. hxg3 Kg4 37. c4 Kxg3 38. Ke3 Kg4 39. Rf8 Kf5 40.
Kd4 Ke6 41. Rg8 Kf5 42. b4 Ke6 43. Rg7 Be8 44. a3 Bc6 45. Rg8 Kf5 46. Rf8 Ke6
47. Rb8 g5 48. b5 axb5 49. cxb5 Bxb5 50. Rxb7 Bc6 51. Rb6 Kd7 52. Ke3 Bh1 53.
a4 g4 54. Kf4 Bf3 55. a5 1-0

[Event "NATO-ch"]
[Site "Quebec CAN"]
[Date "2014.09.11"]
[Round "5.7"]
[White "Oltean, Gusztav"]
[Black "Onley, David"]
[Result "1-0"]
[WhiteElo "2104"]
[BlackElo "2120"]
[PlyCount "117"]
[EventDate "2014.09.08"]
[EventType "swiss"]
[EventRounds "7"]
[EventCountry "CAN"]
[Source "Chess Mix"]
[WhiteTeam "Hungary"]
[BlackTeam "United Kingdom"]
[WhiteTeamCountry "HUN"]

1. e4 c5 2. Nf3 e6 3. d4 cxd4 4. Nxd4 Nc6 5. Nc3 a6 6. Be2 Nge7 7. Be3 Nxd4 8.
Qxd4 b5 9. O-O Nc6 10. Qd2 Be7 11. Rad1 d6 12. Bf4 Ne5 13. Nxb5 axb5 14. Bxe5
O-O 15. Bc3 Bd7 16. a3 Bc6 17. e5 d5 18. Bb4 Ra4 19. c3 Qc7 20. Qe3 Kh8 21.
Bxe7 Qxe7 22. Qb6 Qd7 23. Rd4 Raa8 24. Rb4 Rab8 25. Qc5 f5 26. exf6 gxf6 27.
Rd1 Rg8 28. Rg4 Rxg4 29. Bxg4 Rg8 30. Bf3 Ba8 31. g3 Rc8 32. Qb4 Bc6 33. Qf4
Qe7 34. Bg2 Rd8 35. Qe3 Kg7 36. Qb6 Qd6 37. Bh3 e5 38. Bf5 Rb8 39. Qa5 Rb7 40.
Qb4 Qd8 41. Qh4 Kh8 42. Qh6 Rg7 43. Rd3 Qd6 44. Qh4 Bb7 45. Qb4 Qc6 46. f3 Kg8
47. b3 Rg5 48. g4 e4 49. fxe4 Qb6+ 50. Qd4 Qd6 51. exd5 h5 52. h4 Rg7 53. Be6+
Kh7 54. Qe4+ Kh8 55. Qe3 Qe7 56. d6 Qd8 57. Bf5 Kg8 58. d7 Re7 59. Qxe7 1-0

[Event "NATO-ch"]
[Site "Quebec CAN"]
[Date "2014.09.11"]
[Round "5.8"]
[White "Wagenaar, Harm Theo"]
[Black "Macaspac, Arthur"]
[Result "1/2-1/2"]
[WhiteElo "2055"]
[BlackElo "2106"]
[PlyCount "143"]
[EventDate "2014.09.08"]
[EventType "swiss"]
[EventRounds "7"]
[EventCountry "CAN"]
[Source "Chess Mix"]
[WhiteTeam "NATO2"]
[BlackTeam "USA"]

1. c4 Nf6 2. g3 c5 3. Bg2 Nc6 4. Nc3 e6 5. Nf3 b6 6. O-O Bb7 7. b3 Be7 8. Bb2
O-O 9. e3 d5 10. d3 Qd7 11. Qe2 Rfd8 12. Rfd1 Rac8 13. Rac1 Bf8 14. d4 cxd4 15.
Nxd4 Na5 16. cxd5 Nxd5 17. Nxd5 Bxd5 18. Bxd5 Rxc1 19. Rxc1 Qxd5 20. Qf3 Qd7
21. Qe2 Qb7 22. Qc2 e5 23. Ne2 f6 24. a3 Qd5 25. b4 Nb3 26. e4 Qd3 27. Qxd3
Rxd3 28. Rc2 a5 29. bxa5 Nxa5 30. Nc1 Rd1+ 31. Kg2 b5 32. Bc3 Bxa3 33. Bxa5
Rxc1 34. Rxc1 Bxc1 35. Bb4 Kf7 36. Kf1 g6 37. Ke2 h5 38. h3 Ke6 39. g4 Bb2 40.
f3 Bd4 41. Kd3 Bb6 42. Ke2 Bd8 43. Kd3 Be7 44. Bd2 Kd7 45. Kc3 Kc6 46. Kb3 Kb6
47. Be3+ Bc5 48. Bd2 hxg4 49. hxg4 Be7 50. Be1 Kc6 51. Bc3 Bd6 52. Bd2 Kd7 53.
Be3 Ke6 54. Bd2 f5 55. gxf5+ gxf5 56. Bb4 f4 57. Be1 Kf6 58. Ba5 Kg5 59. Bd8+
Kh5 60. Bf6 Kg6 61. Bd8 Kf7 62. Ba5 Kg6 63. Bd8 b4 64. Kc4 Kf7 65. Ba5 Kg6 66.
Bd8 Kh5 67. Kb3 Bc5 68. Bf6 Bd6 69. Bd8 Bf8 70. Bf6 Bd6 71. Bd8 Bc5 72. Bf6
1/2-1/2

[Event "NATO-ch"]
[Site "Quebec CAN"]
[Date "2014.09.11"]
[Round "5.9"]
[White "Cheung, Jan"]
[Black "Nill, Oliver"]
[Result "1/2-1/2"]
[WhiteElo "2087"]
[BlackElo "2188"]
[PlyCount "65"]
[EventDate "2014.09.08"]
[EventType "swiss"]
[EventRounds "7"]
[EventCountry "CAN"]
[Source "Chess Mix"]
[WhiteTeam "The Netherlands"]
[BlackTeam "Germany"]
[BlackTeamCountry "GER"]

1. d4 c5 2. d5 e5 3. e4 d6 4. Nc3 Be7 5. Nf3 Nd7 6. a4 Ngf6 7. Be2 Nf8 8. h4 h5
9. g3 Ng4 10. Bd3 Ng6 11. Qe2 O-O 12. Ra3 f5 13. exf5 Bxf5 14. Bxf5 Rxf5 15.
Ne4 Qd7 16. Nfg5 Nf8 17. f3 Nh6 18. Bd2 Nh7 19. Ne6 Nf8 20. Bxh6 gxh6 21. Nxf8
Bxf8 22. c4 Bg7 23. O-O Raf8 24. Kg2 Bf6 25. Rh1 Bd8 26. Qd2 Kh7 27. b4 b6 28.
bxc5 bxc5 29. a5 R8f7 30. Qb2 Rg7 31. Qc2 Kg8 32. Qd2 Kh7 33. Qc2 1/2-1/2

[Event "NATO-ch"]
[Site "Quebec CAN"]
[Date "2014.09.11"]
[Round "5.10"]
[White "Hansen, Steven E"]
[Black "Farrell, John"]
[Result "1-0"]
[WhiteElo "2102"]
[BlackElo "2054"]
[PlyCount "101"]
[EventDate "2014.09.08"]
[EventType "swiss"]
[EventRounds "7"]
[EventCountry "CAN"]
[Source "Chess Mix"]
[WhiteTeam "Denmark"]
[BlackTeam "NATO1"]
[WhiteTeamCountry "DEN"]

1. d4 d5 2. Nf3 Nf6 3. g3 g6 4. Bg2 Bg7 5. O-O O-O 6. c4 c6 7. Nbd2 Na6 8. b3
Bf5 9. Bb2 Rc8 10. Re1 Nb4 11. Rf1 Bc2 12. Qc1 Bf5 13. Nh4 Be6 14. Qc3 Na6 15.
Rfd1 Qc7 16. Rac1 Rfd8 17. Nhf3 Bf5 18. Ne5 Qb8 19. h3 Be6 20. e4 dxe4 21. Qe3
Nb4 22. a3 Nd3 23. Nxd3 exd3 24. Qxd3 Qd6 25. Qe3 a6 26. Nf3 h6 27. Rd2 Qb8 28.
Rcd1 Nh7 29. Ne5 Nf8 30. Bc3 Qa7 31. Bb4 Re8 32. Qf4 Qb8 33. Qe3 Qa7 34. a4 Bf5
35. a5 Be6 36. Qf3 Qb8 37. Qe4 Bf5 38. Qe3 Qa7 39. Bc5 Qb8 40. f4 Nd7 41. g4
Bxe5 42. fxe5 Be6 43. Ba3 Qa7 44. Rf2 Kh7 45. Bc1 g5 46. Qe4+ Kg7 47. d5 cxd5
48. cxd5 f6 49. exf6+ Nxf6 50. Qxe6 Rc2 51. Be3 1-0

[Event "NATO-ch"]
[Site "Quebec CAN"]
[Date "2014.09.11"]
[Round "5.11"]
[White "Michalski, Daniel"]
[Black "Dusak, Aljaz"]
[Result "1-0"]
[WhiteElo "2090"]
[BlackElo "1970"]
[PlyCount "89"]
[EventDate "2014.09.08"]
[EventType "swiss"]
[EventRounds "7"]
[EventCountry "CAN"]
[Source "Chess Mix"]
[WhiteTeam "Poland"]
[BlackTeam "Slovenia"]
[WhiteTeamCountry "POL"]
[BlackTeamCountry "SLO"]

1. d4 g6 2. c4 Bg7 3. Nc3 d6 4. e4 Nd7 5. Be2 e5 6. Be3 Ne7 7. c5 dxc5 8. dxc5
Nc6 9. Nf3 O-O 10. Qa4 Nf6 11. Rd1 Bd7 12. Qc2 Qe8 13. O-O Nb4 14. Qb1 a6 15.
a3 Nc6 16. b4 Na7 17. Nd5 Rc8 18. Nxf6+ Bxf6 19. Rd2 Nb5 20. Bh6 Bg7 21. Bxg7
Kxg7 22. Qb2 f6 23. Rfd1 Bc6 24. Bd3 Rd8 25. Bc2 Rxd2 26. Rxd2 Rf7 27. Bb3 Re7
28. Bd5 Nd4 29. Nxd4 exd4 30. Bxc6 Qxc6 31. f3 Rd7 32. Rxd4 Rxd4 33. Qxd4 Qa4
34. Qc3 Qd1+ 35. Kf2 h5 36. e5 f5 37. e6+ Kg8 38. Qf6 Qd2+ 39. Kg3 g5 40. Qf7+
Kh8 41. Qf8+ Kh7 42. Qxf5+ Kh6 43. Qe4 h4+ 44. Kh3 b5 45. c6 1-0

[Event "NATO-ch"]
[Site "Quebec CAN"]
[Date "2014.09.11"]
[Round "5.13"]
[White "Kedzierski, Slawomir"]
[Black "Keough, Robert"]
[Result "0-1"]
[WhiteElo "2023"]
[BlackElo "2069"]
[PlyCount "67"]
[EventDate "2014.09.08"]
[EventType "swiss"]
[EventRounds "7"]
[EventCountry "CAN"]
[Source "Chess Mix"]
[WhiteTeam "NATO1"]
[BlackTeam "USA"]

1. d4 Nf6 2. Nf3 g6 3. g3 Bg7 4. Bg2 O-O 5. O-O d6 6. c4 Nfd7 7. Nc3 Nc6 8. e4
e5 9. d5 Ne7 10. b4 a5 11. Ba3 axb4 12. Bxb4 Nc5 13. a4 Na6 14. Ba3 f5 15. exf5
Bxf5 16. Nd2 Bd3 17. Re1 Nf5 18. Nce4 Nd4 19. Rc1 b6 20. Rc3 Bxe4 21. Bxe4 Qd7
22. h4 Bh6 23. Nf1 Nb8 24. h5 Qf7 25. f4 Nd7 26. hxg6 hxg6 27. Nh2 exf4 28.
Qxd4 fxg3 29. Ng4 Bg7 30. Qd2 Bxc3 31. Qxc3 Qf4 32. Bb2 Ne5 33. Kg2 Qxg4 34.
Qxg3 0-1

[Event "NATO-ch"]
[Site "Quebec CAN"]
[Date "2014.09.11"]
[Round "5.14"]
[White "Kersic, Matej"]
[Black "Demjen, Attila"]
[Result "1-0"]
[WhiteElo "2207"]
[BlackElo "2007"]
[PlyCount "41"]
[EventDate "2014.09.08"]
[EventType "swiss"]
[EventRounds "7"]
[EventCountry "CAN"]
[Source "Chess Mix"]
[WhiteTeam "Slovenia"]
[BlackTeam "Hungary"]
[WhiteTeamCountry "SLO"]
[BlackTeamCountry "HUN"]

1. e4 c6 2. d4 d5 3. e5 Bf5 4. Nf3 e6 5. Be2 Nd7 6. O-O c5 7. c4 Bxb1 8. Rxb1
Ne7 9. dxc5 Nxc5 10. Be3 Nc6 11. cxd5 Qxd5 12. Qc2 Nd7 13. Rfd1 Qa5 14. a3
Ncxe5 15. b4 Nxf3+ 16. Bxf3 Qf5 17. Qc7 Rd8 18. Qxb7 Bd6 19. Rbc1 Ke7 20. Bc6
Qe5 21. g3 1-0

[Event "NATO-ch"]
[Site "Quebec CAN"]
[Date "2014.09.11"]
[Round "5.15"]
[White "Bacus, Dharim"]
[Black "De, Bock Lennart"]
[Result "1-0"]
[WhiteElo "2272"]
[BlackElo "1896"]
[PlyCount "89"]
[EventDate "2014.09.08"]
[EventType "swiss"]
[EventRounds "7"]
[EventCountry "CAN"]
[Source "Chess Mix"]
[WhiteTeam "USA"]
[BlackTeam "Belgium"]
[BlackTeamCountry "BEL"]

1. e4 d6 2. d4 Nf6 3. Nc3 c6 4. Be2 e5 5. Nf3 Nbd7 6. O-O Be7 7. a4 h6 8. Bc4
Qc7 9. Ba2 g5 10. Qd3 Nf8 11. Ne2 Ng6 12. Ng3 g4 13. Nd2 Be6 14. Nf5 Nf4 15.
Ng7+ Kf8 16. Nxe6+ fxe6 17. Qe3 d5 18. c3 exd4 19. cxd4 e5 20. Re1 exd4 21.
Qxd4 c5 22. Qe3 c4 23. Nxc4 Bb4 24. Qxf4 Qxf4 25. Bxf4 Bxe1 26. Ne5 Bxf2+ 27.
Kxf2 Nxe4+ 28. Kg1 Kg7 29. Bxd5 Rhf8 30. Nd3 Rae8 31. Be5+ Nf6 32. Bxb7 Rf7 33.
Bc6 Rd8 34. Bb5 Kg6 35. Nf2 h5 36. Bd3+ Kh6 37. Rf1 Rff8 38. Rc1 Kg7 39. Rc6
Rde8 40. Bc3 Re3 41. Bc2 Re2 42. Ne4 Rxc2 43. Bxf6+ Rxf6 44. Rxc2 Rf1+ 45. Kxf1
1-0

[Event "NATO-ch"]
[Site "Quebec CAN"]
[Date "2014.09.11"]
[Round "5.16"]
[White "Bohn, Ulrich"]
[Black "Simard, Francois"]
[Result "1-0"]
[WhiteElo "2147"]
[BlackElo "1961"]
[PlyCount "75"]
[EventDate "2014.09.08"]
[EventType "swiss"]
[EventRounds "7"]
[EventCountry "CAN"]
[Source "Chess Mix"]
[WhiteTeam "Germany"]
[BlackTeam "Canada"]
[WhiteTeamCountry "GER"]
[BlackTeamCountry "CAN"]

1. e4 c5 2. c3 Nf6 3. e5 Nd5 4. Bc4 e6 5. d4 cxd4 6. Bxd5 exd5 7. Qxd4 Qa5 8.
b4 Qb5 9. a4 Qc6 10. b5 Qc5 11. Ba3 Qxd4 12. cxd4 Bxa3 13. Rxa3 d6 14. exd6 Be6
15. Nf3 O-O 16. Kd2 Nd7 17. Ne5 Nb6 18. a5 Nc4+ 19. Nxc4 dxc4 20. Re3 Rfd8 21.
Kc3 Rxd6 22. Rd1 a6 23. b6 Rc8 24. Nd2 Rd5 25. Re5 Rxe5 26. dxe5 Bd5 27. f3 Rc5
28. Kd4 Rxa5 29. Nxc4 Bxc4 30. Kxc4 Kf8 31. Rd7 Rxe5 32. Rxb7 Rb5 33. g4 Rb1
34. Kc5 Rc1+ 35. Kd6 Rd1+ 36. Kc7 a5 37. Ra7 Rc1+ 38. Kb8 1-0

[Event "NATO-ch"]
[Site "Quebec CAN"]
[Date "2014.09.11"]
[Round "5.17"]
[White "Karbowiak, Adam"]
[Black "Lambruschini, Alex"]
[Result "0-1"]
[WhiteElo "2088"]
[BlackElo "1928"]
[PlyCount "88"]
[EventDate "2014.09.08"]
[EventType "swiss"]
[EventRounds "7"]
[EventCountry "CAN"]
[Source "Chess Mix"]
[WhiteTeam "Poland"]
[BlackTeam "Canada"]
[WhiteTeamCountry "POL"]
[BlackTeamCountry "CAN"]

1. Nf3 d5 2. g3 c6 3. Bg2 e6 4. O-O f5 5. d4 Be7 6. c4 Nf6 7. Nc3 O-O 8. Bf4
Bd7 9. Qb3 Qb6 10. Qc2 Be8 11. c5 Qd8 12. b4 Nh5 13. Rab1 g5 14. Bxb8 Rxb8 15.
b5 Bf6 16. bxc6 bxc6 17. Qa4 Rf7 18. e3 Rfb7 19. Rb3 Rxb3 20. axb3 Rb7 21. h3
Qb8 22. g4 Rxb3 23. Ne2 Ng7 24. Ra1 Rb1+ 25. Bf1 Rxa1 26. Qxa1 h5 27. Ne5 Bxe5
28. dxe5 fxg4 29. hxg4 Qb4 30. Qd4 a5 31. gxh5 Nf5 32. Qxb4 axb4 33. Bh3 b3 34.
Nc3 Bxh5 35. Na4 g4 36. Bf1 g3 37. Bh3 Kf7 38. Bxf5 exf5 39. f4 Bf3 40. Kf1 Kg6
41. Kg1 Kh5 42. Nb2 Kh4 43. Nd3 Be2 44. Nb2 Kh3 0-1

[Event "NATO-ch"]
[Site "Quebec CAN"]
[Date "2014.09.11"]
[Round "5.18"]
[White "Wells, Daniel"]
[Black "Hater, David"]
[Result "1/2-1/2"]
[WhiteElo "2002"]
[BlackElo "2034"]
[PlyCount "28"]
[EventDate "2014.09.08"]
[EventType "swiss"]
[EventRounds "7"]
[EventCountry "CAN"]
[Source "Chess Mix"]
[WhiteTeam "United Kingdom"]
[BlackTeam "USA"]

1. e4 e5 2. Nf3 Nc6 3. Bb5 a6 4. Ba4 Nf6 5. O-O Nxe4 6. d4 b5 7. Bb3 d5 8. dxe5
Be6 9. Nbd2 Nc5 10. c3 d4 11. Bxe6 Nxe6 12. cxd4 Ncxd4 13. a4 Be7 14. axb5 axb5
1/2-1/2

[Event "NATO-ch"]
[Site "Quebec CAN"]
[Date "2014.09.11"]
[Round "5.20"]
[White "Lebrun, Roger"]
[Black "Tucker, David Sidney"]
[Result "1-0"]
[WhiteElo "1976"]
[BlackElo "2042"]
[PlyCount "109"]
[EventDate "2014.09.08"]
[EventType "swiss"]
[EventRounds "7"]
[EventCountry "CAN"]
[Source "Chess Mix"]
[WhiteTeam "Canada 2"]
[BlackTeam "United Kingdom"]

1. e4 c5 2. d4 cxd4 3. c3 Nf6 4. e5 Nd5 5. cxd4 e6 6. Nc3 Nxc3 7. bxc3 Qc7 8.
Bd2 d5 9. Bd3 Nc6 10. Nf3 Be7 11. O-O Bd7 12. Re1 h6 13. a4 Na5 14. Re2 Nc4 15.
Bc1 Qa5 16. Bxc4 dxc4 17. Bb2 Bc6 18. Nd2 Bd5 19. Ne4 Qc7 20. Ba3 Bxe4 21. Rxe4
Qc6 22. Re2 Bxa3 23. Rxa3 O-O 24. Qb1 Rab8 25. Rb2 b6 26. Rb4 a6 27. Ra2 Rb7
28. Rab2 Rfb8 29. f3 b5 30. Qe4 Qd5 31. Kf2 Rb6 32. Ke3 R6b7 33. Kd2 g6 34. Kc2
h5 35. Kb1 Kf8 36. Ka2 Ke8 37. h4 Ke7 38. Qxd5 exd5 39. Ka3 Kd7 40. g4 Kc6 41.
a5 Kd7 42. gxh5 gxh5 43. Rg2 Rh8 44. Rg5 Ke6 45. f4 Rbb8 46. f5+ Ke7 47. Rb2
Rh6 48. Kb4 Rc8 49. Rbg2 Rh7 50. Rg8 Rc6 51. Rb8 Rhh6 52. Rgg8 Kd7 53. Rb7+ Rc7
54. Rxc7+ Kxc7 55. Rg7 1-0

[Event "NATO-ch"]
[Site "Quebec CAN"]
[Date "2014.09.11"]
[Round "5.21"]
[White "Musselman, Charles"]
[Black "Kruit, Erik"]
[Result "1-0"]
[WhiteElo "1995"]
[BlackElo "2024"]
[PlyCount "51"]
[EventDate "2014.09.08"]
[EventType "swiss"]
[EventRounds "7"]
[EventCountry "CAN"]
[Source "Chess Mix"]
[WhiteTeam "NATO2"]
[BlackTeam "The Netherlands"]

1. a3 Nf6 2. Nc3 d5 3. d4 g6 4. Bf4 Bg7 5. e3 O-O 6. Nf3 b6 7. Be2 e6 8. h4 h5
9. Ne5 Ba6 10. g4 Bxe2 11. Qxe2 c5 12. Bg5 Qe8 13. Bxf6 Bxf6 14. gxh5 Bxe5 15.
dxe5 Nc6 16. f4 f6 17. exf6 Rxf6 18. hxg6 Qxg6 19. O-O-O Kh8 20. Rdg1 Qh7 21.
h5 Rg8 22. Rg5 Rh6 23. Qg2 Nd8 24. Rg1 Rxg5 25. Qxg5 Nf7 26. Qe7 1-0

[Event "NATO-ch"]
[Site "Quebec CAN"]
[Date "2014.09.11"]
[Round "5.22"]
[White "Szczesniak, Andrzej"]
[Black "Balmaceda, Enrico"]
[Result "1/2-1/2"]
[WhiteElo "1969"]
[BlackElo "2054"]
[PlyCount "69"]
[EventDate "2014.09.08"]
[EventType "swiss"]
[EventRounds "7"]
[EventCountry "CAN"]
[Source "Chess Mix"]
[WhiteTeam "NATO1"]
[BlackTeam "USA"]

1. c4 Nf6 2. Nc3 d5 3. cxd5 Nxd5 4. g3 g6 5. Bg2 c6 6. d3 Bg7 7. Bd2 O-O 8. Qc1
Re8 9. h4 h5 10. Nh3 e5 11. Ng5 Nf6 12. O-O Bf5 13. Qc2 Na6 14. Na4 Qe7 15.
Rac1 Rad8 16. Be3 e4 17. dxe4 Nxe4 18. Nxe4 Bxe4 19. Qb3 Bxg2 20. Kxg2 b6 21.
Kg1 Qe6 22. Qxe6 Rxe6 23. Rfd1 Red6 24. Rxd6 Rxd6 25. Bf4 Rd4 26. Nc3 Kf8 27.
Kf1 Ke7 28. Ke1 Kd7 29. e3 Rb4 30. b3 Nc5 31. Ke2 Bxc3 32. Rxc3 a5 33. Rc1 a4
34. Rd1+ Kc8 35. Rd6 1/2-1/2

[Event "NATO-ch"]
[Site "Quebec CAN"]
[Date "2014.09.11"]
[Round "5.23"]
[White "Csizmadia, Csaba"]
[Black "Bielawski, Michal"]
[Result "0-1"]
[WhiteElo "1863"]
[BlackElo "2051"]
[PlyCount "66"]
[EventDate "2014.09.08"]
[EventType "swiss"]
[EventRounds "7"]
[EventCountry "CAN"]
[Source "Chess Mix"]
[WhiteTeam "Hungary"]
[BlackTeam "Poland"]
[WhiteTeamCountry "HUN"]
[BlackTeamCountry "POL"]

1. d4 Nf6 2. c4 g6 3. Nc3 d5 4. e3 Bg7 5. Nf3 O-O 6. Bd3 c5 7. O-O cxd4 8. exd4
Nc6 9. h3 Nb4 10. Be2 dxc4 11. Bxc4 a6 12. a3 Nbd5 13. a4 b6 14. Qe2 Bb7 15.
Rd1 Qc7 16. Nxd5 Nxd5 17. Bg5 e6 18. Rac1 Qd6 19. b3 Nb4 20. Be3 Rfd8 21. Ne5
Rac8 22. Bf4 Qe7 23. Be3 h6 24. Ng4 Kh7 25. Ne5 Nd5 26. Nf3 a5 27. Ba6 Nc3 28.
Rxc3 Rxc3 29. Bc4 Qa3 30. Qd2 Bxf3 31. gxf3 Rxb3 32. Bxb3 Qxb3 33. Ra1 e5 0-1

[Event "NATO-ch"]
[Site "Quebec CAN"]
[Date "2014.09.11"]
[Round "5.24"]
[White "Dekker, Ard"]
[Black "Mottais, Francois"]
[Result "1/2-1/2"]
[WhiteElo "1940"]
[BlackElo "2035"]
[PlyCount "33"]
[EventDate "2014.09.08"]
[EventType "swiss"]
[EventRounds "7"]
[EventCountry "CAN"]
[Source "Chess Mix"]
[WhiteTeam "The Netherlands"]
[BlackTeam "France"]
[BlackTeamCountry "FRA"]

1. d4 d5 2. c4 Nc6 3. Nf3 e5 4. Nxe5 Nxe5 5. dxe5 d4 6. e3 Bb4+ 7. Bd2 dxe3 8.
Qa4+ Bd7 9. Qxb4 exd2+ 10. Nxd2 Ne7 11. Be2 Nc6 12. Qc3 O-O 13. O-O Qe7 14. Bf3
Qxe5 15. Qxe5 Nxe5 16. b3 Nxf3+ 17. Nxf3 1/2-1/2